Score 0/18 Timer 05:00
3 Plays Today
% Correct
BP
87%
Best Buy
85.1%
Breaking Bad
76.7%
Buffalo Bills
71.5%
Buick
70%
BBC
68%
BlackBerry
52.2%
Bing
47.1%
Bitcoin
42.7%
% Correct
Beck's
41.9%
Bayern München
40.4%
Blu Ray Disc
40.2%
Burt's Bees
39.5%
Billabong
30.8%
Bissell
23.3%
Bugatti
21.5%
Bravo
19.8%
Britannica
2.5%
Remove Ads.
Support Sporcle.
Get the best of Sporcle when you Go Orange. This ad-free experience offers more features, more stats, and more fun while also helping to support Sporcle. Thank you for becoming a member.

You're not logged in!

Compare scores with friends on all Sporcle quizzes.
OR
Log In

Show Comments

Extras

Top Quizzes Today


Score Distribution

Your Account Isn't Verified!

In order to create a playlist on Sporcle, you need to verify the email address you used during registration. Go to your Sporcle Settings to finish the process.

Report this User

Report this user for behavior that violates our Community Guidelines.

Details: